Censores trabajando: de cómo los estados dieron forma a la literatura

Guardado en:
Detalles Bibliográficos
Autor principal: Darnton, Robert (Autor)
Formato: Libro
Lenguaje:español
Publicado: Ciudad de México Fondo de Cultura Económica 2014
Edición:1a. ed
Colección:Sección de Obras de Historia
Materias:
Etiquetas: Agregar Etiqueta
Sin Etiquetas, Sea el primero en etiquetar este registro!

MARC

LEADER 00000cam a2200000 a 4500
001 UCD2504
003 CL-VaPUC
008 160428e20140000mx |||||||||||||||||spa|d
020 |a 9786071623478 
082 0 4 |a 363.31  |b DAR  |2 21 
100 0 |a Darnton, Robert  |e author  |9 585855 
245 1 0 |a Censores trabajando: de cómo los estados dieron forma a la literatura 
250 |a 1a. ed 
300 |a 267 p 
942 |c BK 
945 |d 20160428 21:50:00  |a arojas 
260 |a Ciudad de México  |b Fondo de Cultura Económica  |c 2014 
650 0 |a Censura  |9 349860 
650 0 |a Historia Siglo 18  |9 257136 
651 0 |a Francia  |9 255157 
651 0 |a India  |9 267804 
651 0 |a Alemania  |9 255688 
583 |a last modification  |c 20160428 21:50:00  |k Rodrigo Vera 
490 0 |a Sección de Obras de Historia 
999 |c 363666  |d 363664 
952 |0 0  |1 0  |3 erb  |4 0  |6 363_310000000000000_DAR_2014  |7 0  |8 A  |9 476297  |a BIBART  |b BIBART  |i 5284082  |o 363.31 DAR 2014  |p 5284082  |r 2025-03-13  |w 2019-11-24  |y BK  |z Catalogado en:20160428  |k ART 
952 |0 0  |1 0  |3 erb  |4 0  |6 363_310000000000000_DAR_2014  |7 0  |8 A  |9 476298  |a BIBHIS  |b BIBHIS  |i 5501733  |l 1  |o 363.31 DAR 2014  |p 5501733  |r 2025-01-20  |s 2021-11-18  |w 2019-11-24  |y BK  |z Catalogado en:20180927  |k HIS